000 01410cam a2200325 a 4500
001 85122
003 BD-RjUL
005 20250705150028.0
008 250605s19121949enkacf 000 0 eng
035 _a(BD-RjUL)85122
040 _aDLC
_cDLC
_dDLC
_beng
041 _aeng
082 0 0 _a827.509
_220
_bTHE 1949
100 1 _aThackeray, William Makepeace,
_d1811-1863.
245 1 4 _aThe English humourists ; The four Georges /
_cWilliam Makepeace Thackeray,
260 _aLondon :
_bDent,
_c1949
300 _axx, 423 p., [8] leaves of plates :
_bill., 1 port. ;
_c19 cm.
490 1 _aThe prose works of William Makepeace Thackeray
505 0 _aThe English humourists -- Charity and humour -- The four Georges.
650 0 _aEnglish wit and humor
_xHistory and criticism.
_915890
650 0 _aEnglish literature
_y18th century
_xHistory and criticism.
_915891
651 0 _aGreat Britain
_yHistory
_x1714-1837.
_915892
651 0 _aGreat Britain
_xSocial life and customs
_y18th century.
_915893
651 0 _aGreat Britain
_xSocial life and customs
_y19th century.
_915894
700 1 2 _aThackeray, William Makepeace,
_d1811-1863.
942 _2ddc
_cBK
999 _c85122
_d85122